| 000 | 00484cam a2200157 a 4500 | ||
|---|---|---|---|
| 001 | 000007676 | ||
| 005 | 20200929154246.0 | ||
| 008 | 791116s1976 ec b l001 0 spa | ||
| 040 |
_aDO-SdBNP _bspa _cBNPHU |
||
| 082 |
_axx _bC424e |
||
| 100 | 1 |
_aCevallos García, Gabriel. _916140 |
|
| 245 | 1 | 0 |
_aEvocaciones / _cGabriel Cevallos García. |
| 260 |
_aCuenca, Ecuador : _b[Publicaciones Municipales], _c1976. |
||
| 300 |
_a210 p. ; _c21 cm. |
||
| 504 | _aIncluye referencias bibliográficas. | ||
| 999 |
_c7456 _d7456 |
||